A history of modern Europe. V.1 : from the Renaissance to the age of Napoleon /

This book is divided into four parts: Foundations; Statemaking; New cultural and political; and Revolutionary Europe.

Saved in:
Bibliographic Details
Main Author: Merriman, John M.
Format: Book
Language:English
Published: New York : W. W. Norton, 1996.
Subjects:
Tags: Add Tag
No Tags, Be the first to tag this record!
Institutions: Mạng thư viện Đại học Đà Nẵng
LEADER 01002cam a2200337 i 4500
001 000048866
003 8592
005 20030311083719.0
008 010326|1996 vm 000 eng
020 |a 039396888X 
040 |a IRC  |c IRC  |d IRC 
041 0 |a eng 
082 1 4 |a 940.2  |b ME-J 
100 1 |a Merriman, John M. 
245 0 2 |a A history of modern Europe.  |n V.1 :  |p from the Renaissance to the age of Napoleon /  |c John M. Merriman. 
260 |a New York :  |b W. W. Norton,  |c 1996. 
300 |a 2 v. :  |b ill. (some col.) ;  |c 23.5cm. 
520 3 |a This book is divided into four parts: Foundations; Statemaking; New cultural and political; and Revolutionary Europe. 
630 0 4 |a Europe. 
630 0 4 |a European history. 
650 0 4 |a Europe  |x History  |y 1492- 
OWN |a DUT 
999 |a From the UDN01 
TYP |a Monograph 
TYP |a Printed language 
980 |a Mạng thư viện Đại học Đà Nẵng